000 00949cac a2200253 a 4500
003 CO-PeBPM
005 20250808124112.0
008 231129s1990||||ck ao|||||||||||| ||spa||
020 _a9684514913
040 _aCO-PeBPM
_bspa
_cCO-PeBPM
_erda
041 _aspa
082 0 4 _a155.4 P213ps
_222
100 1 _aPapalia Diane E.
_eautora
245 1 0 _aPsicologí­a del desarrollo
_b: "De la Infancia a la Adolescencia"
_c/ Diane E. Papalia y Sally Wendkos Olds; traducción Jesús Villamizar
250 _aTercera edición
260 _aMéxico
_b : McGraw-Hill
_c, 1990
300 _a769 páginas
_bilustraciones, fotografías en blanco y negro
_c23 centímetros
500 _aIncluye índice
650 1 4 _aPsicología
_2LEMB
700 1 _aOlds, Sally Wendkos
_ecoautor
700 1 _aVillamizar, Jesús
_etraductor
942 _2ddc
_cBK
999 _c23473
_d23473